| 000 | 00543nam a2200205Ia 4500 | ||
|---|---|---|---|
| 003 | OSt | ||
| 005 | 20220925222923.0 | ||
| 006 | a|||||r|||| 00| 0 | ||
| 007 | ta | ||
| 008 | 220923b |||||||| |||| 00| 0 eng d | ||
| 037 | _cGeneral Book | ||
| 040 |
_aRTL _cRTL _beng |
||
| 041 |
_2eng _aeng |
||
| 082 | _aa14,156,N73, L3.2 | ||
| 245 | 0 | _aBritish books in print 1973 | |
| 260 |
_aLondon _bR.R.Bawkar company _c1973 |
||
| 300 |
_aiiip _ccm. |
||
| 942 |
_ha14,156,N73, L3.2 _cGB _2CC |
||
| 999 |
_c578139 _d578139 |
||